[Event "European Chess Club Cup 2023"]
[Site "Durres, Albania"]
[Date "2023.10.02"]
[Round "2.77"]
[White "Gadimbayli, Abdulla"]
[Black "Zlatkov, Anton"]
[Result "1-0"]
[TimeControl "90' + 30' & 30\""]
[WhiteElo "2492"]
[BlackElo "2198"]

1. e4 {[%clk 01:30:53]} {[%emt 00:00:05]} c5 {[%clk 01:30:56]} {[%emt
00:00:05]} 2. Nf3 {[%clk 01:31:00]} {[%emt 00:00:23]} e6 {[%clk 01:31:14]}
{[%emt 00:00:12]} 3. d4 {[%clk 01:30:43]} {[%emt 00:00:46]} cxd4 {[%clk
01:31:33]} {[%emt 00:00:11]} 4. Nxd4 {[%clk 01:31:07]} {[%emt 00:00:06]} Nc6
{[%clk 01:31:56]} {[%emt 00:00:08]} 5. Nc3 {[%clk 01:31:06]} {[%emt 00:00:30]}
Qc7 {[%clk 01:32:15]} {[%emt 00:00:11]} 6. Be2 {[%clk 01:31:09]} {[%emt
00:00:27]} a6 {[%clk 01:32:31]} {[%emt 00:00:15]} 7. Nxc6 {[%clk 01:31:10]}
{[%emt 00:00:28]} bxc6 {[%clk 01:31:13]} {[%emt 00:01:48]} 8. Qd3 {[%clk
01:31:02]} {[%emt 00:00:38]} d5 {[%clk 01:29:29]} {[%emt 00:02:14]} 9. Qg3
{[%clk 01:27:56]} {[%emt 00:03:36]} Qxg3 {[%clk 01:29:05]} 10. hxg3 {[%clk
01:28:21]} {[%emt 00:00:59]} Nf6 {[%clk 01:29:28]} {[%emt 00:00:07]} 11. g4
{[%clk 01:25:31]} {[%emt 00:03:20]} Nxe4 {[%clk 01:18:45]} {[%emt 00:11:14]} 12.
Nxe4 {[%clk 01:23:37]} {[%emt 00:02:24]} dxe4 {[%clk 01:18:32]} {[%emt
00:00:42]} 13. g5 {[%clk 01:22:47]} {[%emt 00:01:20]} Bb7 {[%clk 01:01:33]}
{[%emt 00:17:30]} 14. Be3 {[%clk 01:17:38]} {[%emt 00:05:38]} O-O-O {[%clk
00:57:49]} {[%emt 00:04:14]} 15. Bc4 {[%clk 01:12:12]} {[%emt 00:05:56]} c5
{[%clk 00:39:33]} {[%emt 00:18:46]} 16. Ke2 {[%clk 00:47:40]} {[%emt 00:25:02]}
a5 {[%clk 00:30:57]} {[%emt 00:09:06]} 17. Rh4 {[%clk 00:37:08]} {[%emt
00:11:01]} Bd5 {[%clk 00:30:08]} {[%emt 00:01:19]} 18. Bb5 {[%clk 00:36:37]}
{[%emt 00:01:01]} Be7 {[%clk 00:28:27]} {[%emt 00:02:12]} 19. c4 {[%clk
00:31:33]} {[%emt 00:05:34]} Bb7 {[%emt 00:01:23]} 20. Rah1 {[%clk 00:31:14]}
h6 {[%clk 00:27:51]} {[%emt 00:01:01]} 21. Rh5 {[%clk 00:30:13]} {[%emt
00:01:31]} Rhg8 {[%clk 00:26:36]} {[%emt 00:01:45]} 22. gxh6 {[%clk 00:27:09]}
{[%emt 00:03:34]} gxh6 {[%clk 00:26:49]} {[%emt 00:00:18]} 23. Rxh6 {[%clk
00:26:42]} {[%emt 00:00:57]} Bg5 {[%clk 00:16:03]} {[%emt 00:11:16]} 24. Bxg5
{[%clk 00:24:05]} {[%emt 00:03:07]} Rxg5 {[%clk 00:16:26]} {[%emt 00:00:07]} 25.
R1h5 {[%clk 00:14:11]} {[%emt 00:10:23]} Rxg2 {[%clk 00:02:50]} {[%emt
00:14:07]} 26. Rxc5+ {[%clk 00:14:27]} {[%emt 00:00:13]} Kb8 {[%clk 00:03:20]}
27. Rf6 {[%clk 00:14:51]} {[%emt 00:00:07]} Rg1 {[%clk 00:03:18]} {[%emt
00:00:32]} 28. Ba4 {[%clk 00:15:15]} {[%emt 00:00:05]} Rb1 {[%clk 00:01:05]}
{[%emt 00:02:43]} 29. Rb5 {[%clk 00:14:49]} {[%emt 00:00:56]} Rd7 {[%clk
00:01:07]} {[%emt 00:00:28]} 30. Bc2 {[%clk 00:06:48]} {[%emt 00:08:31]} Ra1
{[%clk 00:01:33]} {[%emt 00:00:05]} 31. Bxe4 {[%clk 00:03:58]} {[%emt
00:03:19]} Rxa2 {[%clk 00:01:47]} {[%emt 00:00:16]} 32. c5 {[%clk 00:04:09]}
{[%emt 00:00:19]} Ra4 {[%clk 00:00:34]} {[%emt 00:01:44]} 33. Bc6 {[%clk
00:04:26]} {[%emt 00:00:13]} Rc7 {[%clk 00:00:33]} {[%emt 00:00:30]} 34. Rxb7+
{[%clk 00:04:50]} {[%emt 00:00:05]} 1-0

[Event "European Chess Club Cup 2023"]
[Site "Durres, Albania"]
[Date "2023.10.02"]
[Round "2.78"]
[White "Andonovski, Ljubisa"]
[Black "Sadikhov, Ulvi"]
[Result "0-1"]
[TimeControl "90' + 30' & 30\""]
[WhiteElo "2268"]
[BlackElo "2492"]

1. d4 {[%clk 01:30:52]} {[%emt 00:00:07]} Nf6 {[%clk 01:30:54]} {[%emt
00:00:07]} 2. c4 {[%clk 01:31:11]} {[%emt 00:00:11]} d6 {[%clk 01:31:05]}
{[%emt 00:00:19]} 3. Nf3 {[%clk 01:31:19]} {[%emt 00:00:21]} g6 {[%clk
01:31:30]} {[%emt 00:00:05]} 4. Nc3 {[%clk 01:31:38]} {[%emt 00:00:11]} Bg7
{[%clk 01:31:55]} {[%emt 00:00:06]} 5. e4 {[%clk 01:31:53]} {[%emt 00:00:14]}
O-O {[%clk 01:31:34]} {[%emt 00:00:52]} 6. Be2 {[%clk 01:31:51]} {[%emt
00:00:32]} Na6 {[%clk 01:31:38]} {[%emt 00:00:26]} 7. O-O {[%clk 01:31:45]}
{[%emt 00:00:35]} e5 {[%clk 01:32:06]} {[%emt 00:00:03]} 8. Be3 {[%clk
01:31:39]} {[%emt 00:00:35]} Ng4 {[%clk 01:25:09]} {[%emt 00:07:28]} 9. Bg5
{[%clk 01:31:43]} {[%emt 00:00:25]} f6 {[%clk 01:25:34]} {[%emt 00:00:06]} 10.
Bh4 {[%clk 01:30:47]} {[%emt 00:01:26]} Nh6 {[%clk 01:23:48]} {[%emt 00:02:17]}
11. dxe5 {[%clk 01:13:05]} {[%emt 00:18:11]} dxe5 {[%clk 01:22:53]} {[%emt
00:01:25]} 12. a3 {[%clk 01:08:48]} {[%emt 00:04:47]} c6 {[%clk 01:20:55]}
{[%emt 00:02:28]} 13. Qc2 {[%clk 01:04:58]} {[%emt 00:04:19]} Nf7 {[%clk
01:17:55]} {[%emt 00:03:31]} 14. Rfd1 {[%clk 01:03:14]} {[%emt 00:02:13]} Qe7
{[%clk 01:18:10]} {[%emt 00:00:16]} 15. b4 {[%clk 01:03:28]} {[%emt 00:00:15]}
Nc7 {[%clk 01:17:06]} {[%emt 00:01:35]} 16. c5 {[%clk 00:52:48]} {[%emt
00:11:09]} Ne6 {[%clk 01:14:59]} {[%emt 00:02:38]} 17. Bc4 {[%clk 00:50:42]}
{[%emt 00:02:35]} Kh8 {[%clk 01:11:57]} {[%emt 00:03:33]} 18. Ne2 {[%clk
00:45:14]} {[%emt 00:05:57]} Nfg5 {[%clk 01:02:36]} {[%emt 00:09:52]} 19. Bxg5
{[%clk 00:29:51]} {[%emt 00:15:53]} fxg5 {[%clk 01:02:46]} {[%emt 00:00:21]} 20.
Rd6 {[%clk 00:27:10]} {[%emt 00:03:10]} g4 {[%clk 01:00:37]} {[%emt 00:02:40]}
21. Nd2 {[%clk 00:26:10]} {[%emt 00:01:29]} a5 {[%clk 00:52:31]} {[%emt
00:08:36]} 22. Rf1 {[%clk 00:19:09]} {[%emt 00:07:30]} axb4 {[%clk 00:51:22]}
{[%emt 00:01:41]} 23. axb4 {[%clk 00:19:32]} {[%emt 00:00:06]} Nf4 {[%clk
00:49:18]} {[%emt 00:02:34]} 24. Nb3 {[%clk 00:16:32]} {[%emt 00:03:29]} Ra4
{[%clk 00:45:16]} {[%emt 00:04:34]} 25. b5 {[%clk 00:13:39]} {[%emt 00:03:22]}
cxb5 {[%clk 00:36:53]} {[%emt 00:08:52]} 26. Bxb5 {[%clk 00:11:14]} {[%emt
00:02:55]} Rb4 {[%clk 00:37:19]} {[%emt 00:00:04]} 27. Bc4 {[%clk 00:11:02]}
{[%emt 00:00:42]} b5 {[%clk 00:31:38]} {[%emt 00:06:12]} 28. Bd5 {[%clk
00:10:58]} {[%emt 00:00:32]} Nxd5 {[%clk 00:31:48]} {[%emt 00:00:21]} 29. exd5
{[%clk 00:10:48]} {[%emt 00:00:40]} e4 {[%clk 00:27:41]} {[%emt 00:04:38]} 30.
Na5 {[%clk 00:10:03]} {[%emt 00:01:13]} Rb2 {[%clk 00:27:36]} {[%emt 00:00:36]}
31. Qd1 {[%clk 00:10:22]} {[%emt 00:00:11]} e3 {[%clk 00:27:52]} {[%emt
00:00:15]} 32. Nc6 {[%clk 00:09:18]} {[%emt 00:01:33]} exf2+ {[%clk 00:27:52]}
{[%emt 00:00:29]} 0-1